Νέα Σολωμικά άγνωστα κείμενα και πληροφορίες
Saved in:
| Main Author: | |
|---|---|
| Format: | Book |
| Language: | Greek |
| Published: |
Αθήνα :
[χ.ό.],
1943.
|
| Subjects: | |
| Online Access: | http://hdl.handle.net/11610/16739 |
| Tags: |
Add Tag
No Tags, Be the first to tag this record!
|
MARC
| LEADER | 00000cam a2200000 i 4500 | ||
|---|---|---|---|
| 001 | 1/91453 | ||
| 008 | 080724s1943 gr || ||| ||gre|| | ||
| 035 | |l 10099177 | ||
| 040 | |a GR-MY-UA |b gre |e aacr | ||
| 041 | 0 | |a gre | |
| 082 | 7 | |a 889.1 |2 (22) | |
| 100 | 1 | |a Βαλέτας, Γιώργος Μ., |d 1907-1989. | |
| 245 | 1 | 0 | |a Νέα Σολωμικά |h [ανάτυπο] : |b άγνωστα κείμενα και πληροφορίες / |c Γ. Βαλέτα. |
| 260 | |a Αθήνα : |b [χ.ό.], |c 1943. | ||
| 300 | |a 60 σ. ; |c 18 εκ. | ||
| 500 | |a "Ανατύπωση απ'τη "Νέα Εστία", πασχαλινό τεύχος του 1943". | ||
| 500 | |a Υπάρχει ψηφιακό αντίγραφο. | ||
| 504 | |a Περιλαμβάνει βιβλιογραφικές παραπομπές. | ||
| 600 | 1 | 0 | |a Σολωμός, Διονύσιος, |d 1798-1857 |x Criticism and interpretation. |
| 650 | 0 | 0 | |a Greek poetry |x Criticism, Textual. |
| 852 | |a INST |b RHODES |c AKA |e 20080724 |h 889.1 ΒΑΛ |p 005400027651 |q 005400027651 |t BK |y 23 | ||
| 856 | |u http://hdl.handle.net/11610/16739 | ||
| 901 | |a BIBL4-2008-2 | ||
| 909 | |a Ρ |b 150868 | ||
| 970 | |a ΧΑΡΙΟΠΟΛΙΤΟΥ |b ΚΩΝΣΤΑΝΤΙΝΑ |z 2008-07-24 | ||